000 00913nam a2200265Ia 4500
003 OSt
005 20221005110531.0
006 a|||||r|||| 00| 0
007 ta
008 221004b |||||||| |||| 00| 0 hin d
020 _a8177141341 (hbk)
_c200
024 _a86688
037 _b156, 28/03/2007,
_cTextual
040 _aCRL
_cCRL
_bhin
041 _2hin
_ahin
082 _aO152,1M96:g, P4
100 _aनंदकिशोर नवल, संपा.
245 0 _aनिराला
_b कवि छवि
246 _aNirālā: kavi chhavi
260 _aनई दिल्ली
_bप्रकाशन संस्थान भारत
_c2004
300 _a198पृ0
_ccm.
650 _aहिन्दी साहित्य
942 _hO152,1M96:g, P4
_cTEXL
_2cc
999 _c1019111
_d1019111